ბათუმის შოთა რუსთაველის სახელმწიფო უნივერსიტეტის ბიბლიოთეკა

Практикум по решению математических задач. (ბიბ.ჩანაწერი № 38905)

000 -LEADER
fixed length control field 00777nam a2200205Ia 4500
001 - CONTROL NUMBER
control field 5323
003 - CONTROL NUMBER IDENTIFIER
control field GE_BSU
008 - FIXED-LENGTH DATA ELEMENTS--GENERAL INFORMATION
fixed length control field 181216s||||||||xx |||||||||||||| ||und||
040 ## - CATALOGING SOURCE
Transcribing agency GE_BSU
080 ## - UNIVERSAL DECIMAL CLASSIFICATION NUMBER
Universal Decimal Classification number 512.13(075.8)
100 ## - MAIN ENTRY--PERSONAL NAME
Personal name Вересова, Е.Е.,Вересова, Е.Е., Денисова, Н.С.Полякова Т.Н.,
245 ## - TITLE STATEMENT
Title Практикум по решению математических задач.
245 ## - TITLE STATEMENT
Remainder of title Учебное пособие для студ. пед. ин-тов по математическм физич спец.
260 ## - PUBLICATION, DISTRIBUTION, ETC.
Place of publication, distribution, etc. Москва
260 ## - PUBLICATION, DISTRIBUTION, ETC.
Name of publisher, distributor, etc. Просвещение
260 ## - PUBLICATION, DISTRIBUTION, ETC.
Date of publication, distribution, etc. 1979
300 ## - PHYSICAL DESCRIPTION
Extent 238с. 20 см.
653 ## - INDEX TERM--UNCONTROLLED
Uncontrolled term Практикум по решению матических задач.
942 ## - ADDED ENTRY ELEMENTS (KOHA)
Koha item type წიგნი
ეგზემპლარები
Withdrawn status Lost status Damaged status Not for loan Date acquired Barcode Date last seen Price effective from Koha item type
        2018-12-17 16361 2018-12-17 2018-12-17 წიგნი
        2018-12-17 16381 2018-12-17 2018-12-17 წიგნი